| 000 | 01237pam a2200313 a 4500 | ||
|---|---|---|---|
| 001 | 4834195 | ||
| 003 | OSt | ||
| 005 | 20250908110739.0 | ||
| 008 | 901120s1991 nyua b 001 0 eng | ||
| 010 | _a 90025202 | ||
| 020 | _a0471510564 | ||
| 040 |
_aDLC _cmust _dDLC |
||
| 082 | 0 | 0 | _a621.47 DUF 1991 |
| 100 | 1 |
_aDuffie, John A. _917657 |
|
| 245 | 1 | 0 |
_aSolar engineering of thermal processes / _cJohn A. Duffie, William A. Beckman. |
| 250 | _a2nd ed. | ||
| 260 |
_aNew York : _bWiley, _c1991. |
||
| 300 |
_axxiii, 919 p. : _bill. ; _c25 cm. |
||
| 500 | _a"A Wiley-Interscience publication. | ||
| 504 | _aIncludes bibliographical references and index. | ||
| 650 | 0 |
_aSolar energy. _94599 |
|
| 700 | 1 |
_aBeckman, William A. _917658 |
|
| 856 | 4 | 2 |
_3Publisher description _uhttp://www.loc.gov/catdir/description/wiley033/90025202.html |
| 856 | 4 |
_3Table of Contents _uhttp://www.loc.gov/catdir/toc/onix04/90025202.html |
|
| 856 | 4 | 2 |
_3Contributor biographical information _uhttp://www.loc.gov/catdir/enhancements/fy0659/90025202-b.html |
| 906 |
_a7 _bcbc _corignew _d1 _eocip _f19 _gy-gencatlg |
||
| 942 |
_2ddc _cB_BANK |
||
| 999 |
_c8734 _d8734 |
||